Statistics for What is my ....

Click here to take the quiz!

General Stats

  • This quiz has been taken 22 times
    (7 since last reset)
  • The average score is 5 of 15

Answer Stats

HintAnswer% Correct
Commonly spoken language?English
80%
Age?10
60%
Quiz game?JetPunk
60%
Year of birth?2013
40%
JetPunk level (as of this date)?34
40%
Name?Aarav
40%
Country?Australia
20%
Fav book seriesDiary of a Wimpy Kid
20%
Fav punctuation mark?exclamation mark (!)
20%
Country of orgin?India
20%
Language learnt at school?Italian
20%
Fav Indian cricketer in history?Sachin Tendulkar
20%
Fav Social Media? (SO CRAZY!!!)Snapchat
20%
Fav YouTuber?The Frustrated Gamer
20%
Age group?Tween
20%

Score Distribution

Percentile by Number Answered

Percent of People with Each Score

Your Score History

You have not taken this quiz since the last reset